Normal view
MARC view
- Education - theory and practice. School Administration and organization
Entry Topical Term
001 - CONTROL NUMBER
- control field: 86316
003 - CONTROL NUMBER IDENTIFIER
- control field: OSt
005 - DATE AND TIME OF LATEST TRANSACTION
- control field: 20250515102437.0
008 - FIXED-LENGTH DATA ELEMENTS
- fixed length control field: 250515|| aca||aabn | a|a d
040 ## - CATALOGING SOURCE
- Original cataloging agency: OSt
- Transcribing agency: OSt
150 ## - HEADING--TOPICAL TERM
- Topical term or geographic name as entry element: Education - theory and practice. School Administration and organization
670 ## - SOURCE DATA FOUND
- Source citation: Work cat.: (OSt)48932: Middlewood, David. 86315, Managing the curriculum / , 2008.